00478 a2200157 4500010001400000020002600014035001300040037001500053082001100068100001400079245007700093260004400170270005800214300002900272500001900301 aENG-86232 a9788120339961c250.00 aEN-69765 bDBAD / PUB14a658.45 aSingh, S.1 aTriple bottom line reporting and corporate sustainability /cby S. Singh aNew DelhibPrentice-Hall of Indiac2007 aM-97, Connaught CircusbNew DelhicNew Delhie110 001 axvi, 288p.c24cm. (Pbk) aIncludes index